| 000 | 00378nam a2200157Ia 4500 | ||
|---|---|---|---|
| 008 | 240624s9999 xx 000 0 und d | ||
| 041 | _aeng | ||
| 082 | _a420 DEL | ||
| 100 | _aDELLAR HUGH | ||
| 245 | _aINNOVATIONS UPPER INTERMEDIATE | ||
| 250 | _a(2nd ed.) | ||
| 260 |
_c2004 _aAustralia _bThomson/Heinle |
||
| 300 | _a176 : p. : cm. ; 28 | ||
| 365 |
_cRS _b10 |
||
| 440 | _v2 | ||
| 999 |
_c10717 _d10717 |
||